[Event "EU-ch U16"]
[Site "Prague"]
[Date "2012.08.18"]
[Round "2"]
[White "Thorpe, Thomas"]
[Black "Brenner, Stav"]
[Result "1/2-1/2"]
[WhiteElo "1829"]
[BlackElo "2034"]
[PlyCount "36"]
[EventDate "2012.08.17"]
[EventType "swiss"]
[EventRounds "9"]
[EventCountry "CZE"]
[SourceTitle "CBM 150 Extra"]
[Source "ChessBase"]
[SourceDate "2012.10.19"]
[SourceVersion "1"]
[SourceVersionDate "2012.10.19"]
[SourceQuality "1"]

1. e4 e5 2. Nf3 Nc6 3. c3 Nf6 4. d4 d5 5. Bb5 Bg4 6. dxe5 Nxe4 7. Qa4 Bc5 8. Nd4 0-0 9. Bxc6 bxc6 10. 0-0 f6 11. e6 Bd6 12. f3 Nc5 13. Qxc6 Bxe6 14. b4 Bd7 15. Qxd5+ Be6 16. Qc6 Bd7 17. Qd5+ Be6 18. Qc6 Bd7 1/2-1/2

[Event "Czerniak Memorial schev 26th"]
[Site "Tel Aviv"]
[Date "2011.06.02"]
[Round "10"]
[White "Brenner, Stav"]
[Black "Zilberman, Yaacov"]
[Result "0-1"]
[WhiteElo "2036"]
[BlackElo "2452"]
[PlyCount "62"]
[EventDate "2011.05.22"]
[EventType "team-schev"]
[EventRounds "10"]
[EventCountry "ISR"]
[SourceTitle "EXT 2012"]
[Source "ChessBase"]
[SourceDate "2011.11.24"]
[SourceVersion "1"]
[SourceVersionDate "2011.11.24"]
[SourceQuality "1"]

1. e4 e5 2. Nf3 Nc6 3. Bb5 a6 4. Bxc6 dxc6 5. d4 exd4 6. Qxd4 Qxd4 7. Nxd4 Bd7 8. Nc3 0-0-0 9. Be3 Bd6 10. 0-0-0 Ne7 11. f4 f6 12. Rhe1 Rhe8 13. g3 c5 14. Nb3 b6 15. Bg1 Nc6 16. Rd2 Bg4 17. h3 Bxh3 18. Rh2 Bf5 19. Bf2 Bg6 20. f5 Bf7 21. Rxh7 Bf8 22. Be3 c4 23. Nd2 b5 24. g4 Bg8 25. Rh8 Bd6 26. g5 Be5 27. gxf6 Bxf6 28. Nd5 Bxd5 29. Rxe8 Rxe8 30. exd5 Nb4 31. c3 Nd3+ 0-1

[Event "Czerniak Memorial schev 26th"]
[Site "Tel Aviv"]
[Date "2011.05.29"]
[Round "6"]
[White "Brenner, Stav"]
[Black "Shutzman, Joseph"]
[Result "0-1"]
[WhiteElo "2036"]
[BlackElo "2264"]
[PlyCount "78"]
[EventDate "2011.05.22"]
[EventType "team-schev"]
[EventRounds "10"]
[EventCountry "ISR"]
[SourceTitle "EXT 2012"]
[Source "ChessBase"]
[SourceDate "2011.11.24"]
[SourceVersion "1"]
[SourceVersionDate "2011.11.24"]
[SourceQuality "1"]

1. e4 e6 2. d4 d5 3. e5 c5 4. b4 cxd4 5. Qxd4 Nc6 6. Bb5 Nge7 7. Nf3 a6 8. Bxc6+ Nxc6 9. Qg4 Bxb4+ 10. c3 Bf8 11. Bg5 Qc7 12. Bf4 g6 13. h4 Bg7 14. Qg3 h5 15. 0-0 Bd7 16. Nbd2 b5 17. Nb3 Ne7 18. Nfd4 Rc8 19. Rac1 Qb6 20. Bg5 a5 21. Qf4 Qc7 22. Rfe1 a4 23. Nd2 Nf5 24. N2f3 0-0 25. g4 hxg4 26. Nh2 f6 27. exf6 Qxf4 28. Bxf4 Nxd4 29. cxd4 Bxf6 30. Rxc8 Rxc8 31. Be5 Bxe5 32. Rxe5 b4 33. Re2 e5 34. dxe5 Be6 35. Nf1 d4 36. Rd2 Rc1 37. Kg2 Bd5+ 38. f3 b3 39. axb3 axb3 0-1

[Event "Czerniak Memorial schev 26th"]
[Site "Tel Aviv"]
[Date "2011.05.25"]
[Round "4"]
[White "Brenner, Stav"]
[Black "Zak, Uriel"]
[Result "0-1"]
[WhiteElo "2036"]
[BlackElo "2308"]
[PlyCount "66"]
[EventDate "2011.05.22"]
[EventType "team-schev"]
[EventRounds "10"]
[EventCountry "ISR"]
[SourceTitle "EXT 2012"]
[Source "ChessBase"]
[SourceDate "2011.11.24"]
[SourceVersion "1"]
[SourceVersionDate "2011.11.24"]
[SourceQuality "1"]

1. e4 e5 2. Nf3 Nc6 3. Bc4 Bc5 4. b4 Bb6 5. a4 a6 6. 0-0 Nf6 7. d3 d6 8. h3 Be6 9. Nbd2 0-0 10. Bb2 Bc8 11. Re1 Ne7 12. a5 Ba7 13. c3 Ng6 14. Qb3 Nh5 15. d4 Qf6 16. Bf1 Nhf4 17. b5 axb5 18. Qxb5 Ne6 19. Qc4 Bd7 20. Rab1 b5 21. axb6 Bxb6 22. Ra1 Rab8 23. Ra2 Nef4 24. Ba3 Be6 25. d5 Bd7 26. Bb4 Nh4 27. Nxh4 Nxh3+ 28. Kh2 Qxh4 29. gxh3 Qxf2+ 30. Bg2 Qxe1 31. Nf3 Qe3 32. h4 Qf4+ 33. Kh1 Ra8 0-1

[Event "Czerniak Memorial schev 26th"]
[Site "Tel Aviv"]
[Date "2011.05.22"]
[Round "1"]
[White "Shutzman, Joseph"]
[Black "Brenner, Stav"]
[Result "1-0"]
[WhiteElo "2264"]
[BlackElo "2036"]
[PlyCount "53"]
[EventDate "2011.05.22"]
[EventType "team-schev"]
[EventRounds "10"]
[EventCountry "ISR"]
[SourceTitle "EXT 2012"]
[Source "ChessBase"]
[SourceDate "2011.11.24"]
[SourceVersion "1"]
[SourceVersionDate "2011.11.24"]
[SourceQuality "1"]

1. e4 c5 2. Nf3 d6 3. d4 cxd4 4. Nxd4 Nf6 5. Nc3 a6 6. Be3 Ng4 7. Bg5 h6 8. Bh4 g5 9. Bg3 Bg7 10. Bc4 Nc6 11. Nxc6 bxc6 12. h4 Rb8 13. Bb3 Qa5 14. Qf3 Nf6 15. hxg5 hxg5 16. Rxh8+ Bxh8 17. e5 dxe5 18. 0-0-0 Bd7 19. Qe3 e6 20. Rh1 Ke7 21. Bxe5 Rg8 22. Rxh8 Rxh8 23. Qxg5 Ke8 24. Qxf6 Rh1+ 25. Kd2 Qc5 26. Qf4 Rf1 27. Ne4 1-0